000 00480nam a2200121Ia 4500
008 160712s9999 xx 000 0 und d
100 _aShaikh, Sibhghatulla.
245 _cSibhghatulla Shaikh,
_aDichlorophen and Dichlorovos mediated genotoxic and cytotoxic assessment on root meristem cells of Allium cepa
260 _c2012
_bScience Diliman
300 _avol. 24 no. 1
650 _xSCIENCE
856 _uhttp://journals.upd.edu.ph/index.php/sciencediliman/issue/view/341/showToc
999 _c297482
_d297482